000 00895nam a2200205 4500
001 126181
003 ES-MaACL
005 20250822052912.0
007 t|
008 070214s1961 sp r ||||1| spa d
245 0 0 _aRelaciones tipográficas mandadas hacer por Felipe II
_b: año 1575 : Daimiel /
_ctranscripción por Amalia Sarriá Rueda ; introducción y notas por Francisco Pérez Fernández.
260 _aMadrid :
_b[s. n.],
_c1961 (
_fGráf. Clavileño)
300 _aXVI, 52 p., 8 lám. ;
_c24 cm.
500 _aPrecede al tít.: Servicio Nacional de Lectura, Centro Coordinador de Bibliotecas de Ciudad Real, Biblioteca Pública Municipal de Daimiel.
700 1 _aSarriá Rueda, Amalia.
_9103864
700 1 _aPérez Fernández, Francisco.
_990858
710 2 _aBiblioteca Pública Municipal de Daimiel
_96587
852 _aES-MaACL
_jC-20747
_bR.48168
999 _c126181
_d126181